000 00644nam a2200193Ia 4500
005 20250508161930.0
008 008 250505s9999 xx 000 0 eng d
037 _aDissertations
040 _aFEDL
_beng
_cFEDL
041 _aeng
_2eng
084 _a371.2, BAN/DI
_qFEDL
100 _aBanga Prabash
_9771833
245 0 _aStudy of job satisfaction among teachers of unaided recognised public schools of Delhi after the implementation of Delhi school education act 1973
260 _c1979
300 _a63p.
546 _aM.Ed. Dissertation (Delhi University)
942 _cDIS
_h371.2, BAN/DI
999 _c1373315
_d1373315